Tất cả vì tổ quốc xã hội chủ nghĩa vì hạnh phúc của nhân dân

Bewaard in:
Bibliografische gegevens
Hoofdauteur: Lê Duẩn
Formaat: Boek
Gepubliceerd in: H. Sự Thật 1981
Onderwerpen:
Tags: Voeg label toe
Geen labels, Wees de eerste die dit record labelt!
Thư viện lưu trữ: Trung tâm Học liệu Lê Vũ Hùng, Trường Đại học Đồng Tháp
LEADER 00708pam a22001938a 4500
001 00015590
005 20171026081022.0
008 110329s1981 ||||||Viesd
041 0 # |a Vie 
082 1 4 |a 324.259 707 1  |b T124C 
100 0 # |a Lê Duẩn 
245 0 0 |a Tất cả vì tổ quốc xã hội chủ nghĩa vì hạnh phúc của nhân dân  |c Lê Duẩn 
260 # # |a H.  |b Sự Thật  |c 1981 
300 # # |a 33 tr.  |c 19 cm, 
653 # # |a Diễn văn  |a Lê Duẩn  |a Quốc hội  |a Chủ nghĩa xã hội 
852 # # |b Kho đọc  |j KD.0000983 
852 # # |j KD.0000983 
910 |d 29/03/2011 
980 # # |a Trung tâm Học liệu Lê Vũ Hùng, Trường Đại học Đồng Tháp